[Event "Cologne Longerich op 3rd"]
[Site "Cologne"]
[Date "2004.08.07"]
[Round "6"]
[White "Reiter, Ute"]
[Black "Kueppers, Wolfgang"]
[Result "0-1"]
[WhiteElo "1019"]
[BlackElo "1140"]
[PlyCount "26"]
[EventDate "2004.06.26"]
[EventType "swiss"]
[EventRounds "7"]
[EventCountry "GER"]
[SourceTitle "EXT 2006"]
[Source "ChessBase"]
[SourceDate "2005.11.24"]
[SourceVersion "1"]
[SourceVersionDate "2005.11.24"]
[SourceQuality "1"]

1. e4 e5 2. Nf3 Nc6 3. Be2 Nf6 4. d3 Bc5 5. Bg5 h6 6. Bh4 g5 7. Bg3 d6 8. h3 Nh5 9. Bh2 f5 10. c3 g4 11. hxg4 fxg4 12. Nfd2 Qf6 13. Bxe5 Qxf2# 0-1